000 00964nam a22002777a 4500
003 CHAP
005 20220329135636.0
008 971013s1994 r 00010 d
010 _a39807
011 _a40779
035 _a44905
040 _cCHAP
082 _a630.9726
_bR8
100 0 0 _aRuiz Abreu, Carlos Enrique.
_9100596
245 _aSeñores de la tierra y el agua
_b: propiedad, comercio y trabajo en el Tabasco colonial
260 _aVillahermosa, Tab. :
_bUniversidad Juárez Autónoma de Tabasco,
_c1994
300 _a172 p.
_b: ilus.
590 _aBATCH-UPD
_b10
_c20130110
_lUCH01
_h2233
590 _aCONVERSION
_b10
_c20130109
_lUCH01
_h1322
650 1 4 _aAgricultura
_xHistoria
_xTabasco.
_91530
650 1 4 _aTierras
_xTenencia
_xTabasco.
_9113201
901 _aBK
942 _cLIBRO
949 _a630.9726 R8
_bBC
_cLIBRO
_d33724000003174
_eLIBRO
_h88308
_i44905
_mD
_si
949 _a630.9726 R8
_bBC
_cLIBRO
_d33724000687091
_eLIBRO
_fc.2
_h92052
_i44905
_si
999 _c39807
_d39807